Текст томруулах:    
Public policy skills workbook (Бичлэгийн дугаар. 146127)
000 -УДИРДЛАГА
Удирдлага 00694nam a22002537a 4500
003 - ХЯНАЛТЫН ТОО ТОДОРХОЙЛОГЧ
Код MN-UlNUM
005 - БИЧИЛТ ХИЙСЭН ОГНОО
Тухайн бичилтийг бичсэн засварласан сүүлийн огноо 20260108092829.0
008 - ЕРӨНХИЙ МЭДЭЭЛЭЛ
Ерөнхий мэдээлэл 260108s1988 nyu||||| |||| 00| 0 eng d
020 ## - ISBN
ISBN 0936826312
040 ## - БИЧЛЭГ ҮҮСГЭГЧ БАЙГУУЛЛАГА
Бичлэг үүсгэгч номын сангийн код МУИС-ийн номын сан
084 ## - ББК АНГИЛАЛ
Нэмэлт тусгалт Бусад
ББК ангилал 67.400.6
Зохиогчийн гурван тэмдэгт W 69
Мэдлэгийн ялгаа 67 - Төр эрх, хууль
100 1# - ЗОХИОГЧ
Зохиогчийн нэр Willian D. Coplin
245 10 - ҮНДСЭН ГАРЧИГ
Номын нэр Public policy skills workbook
260 ## - ГАРАЛТЫН МЭДЭЭ
Хэвлэгдсэн газар New York:
Хэвлэлийн газар United states
Хэвлэгдсэн он 1988
300 ## - МАТЕРИАЛЫН ТОДОРХОЙЛОЛТ
хуудасны тоо 121p.:
500 ## - Тайлбар
Дансны дугаар БС 4874
546 ## - ХЭЛНИЙ ТУХАЙ МЭДЭЭ
Хэл Англи хэл дээр,
740 ## - НОМЫН ГАРЧИГ
Гарчиг Componets of public policy Issues
740 ## - НОМЫН ГАРЧИГ
Гарчиг Goal Conflicts and Public Policy Issues
740 ## - НОМЫН ГАРЧИГ
Гарчиг Different Types of Public Policy Analysis
740 ## - НОМЫН ГАРЧИГ
Гарчиг Using the Library
942 ## - ЭЛЕМЕНТИЙН ТӨРӨЛ
Зүйлийн төрөл МУИС-ийн эрдэм шинжилгээний бичиг